000 00578nam a2200181 a 4500
005 20210223124846.0
008 030306s2000 es r 000 0 spa d
020 _a8423993256
035 _aUPN01000122594
049 _aC
050 4 _aAE61
_bC3.38
100 1 _aCastellano, Philippe
245 1 0 _aEnciclopedia Espasa :
_bhistoria de una aventura editorial /
_cPhilippe Castellano ; tr. Caty Orero Sáez de Tejada.
260 _aMadrid :
_bEspasa Calpe,
_cc2000.
300 _a582 p. :
_bil. col.
650 4 _aENCICLOPEDIAS Y DICCIONARIOS -
_xESPAÑOL
_921045
905 _aLibro
999 _c94779
_d94779